El cisne de los desiertos (Record no. 89643)
[ view plain ]
| 000 -LEADER | |
|---|---|
| campo de control de longitud fija | 00926nam a2200253 i 4500 |
| 001 - NÚMERO DE CONTROL | |
| campo de control | 89643 |
| 003 - IDENTIFICADOR DE NÚMERO DE CONTROL | |
| campo de control | ES-MaACL |
| 005 - FECHA Y HORA DE LA ÚLTIMA TRANSACCIÓN | |
| campo de control | 20231030160654.0 |
| 007 - CAMPO FIJO DE DESCRIPCIÓN FÍSICA--INFORMACIÓN GENERAL | |
| campo de control de longitud fija | t| |
| 008 - DATOS DE LONGITUD FIJA--INFORMACIÓN GENERAL | |
| campo de control de longitud fija | 140310s2013 au ||||1| spa d |
| 020 ## - NÚMERO INTERNACIONAL ESTÁNDAR DEL LIBRO | |
| Número Internacional Estándar del Libro | 978-3-902895-12-7 |
| 100 1# - ENTRADA PRINCIPAL--NOMBRE DE PERSONA | |
| Nombre de persona | Solís y Valenzuela, Bruno de. |
| 9 (RLIN) | 154508 |
| 245 13 - MENCIÓN DEL TÍTULO | |
| Título | El cisne de los desiertos |
| Resto del título | : poema heroico / |
| Mención de responsabilidad, etc. | Bruno de Solís y Valenzuela (1616-1677) ; transcripción, introducción y notas por S. Thalmann G. |
| 250 ## - MENCION DE EDICION | |
| Mención de edición | Ed. integral. |
| 260 ## - PUBLICACIÓN, DISTRIBUCIÓN, ETC. | |
| Lugar de publicación, distribución, etc. | Salzburg : |
| Nombre del editor, distribuidor, etc. | FB Anglistik und Amerikanistik, Univ. Salzburg, Unipark, |
| Fecha de publicación, distribución, etc. | 2013. |
| 300 ## - DESCRIPCIÓN FÍSICA | |
| Extensión | CXVIII, 376 p. : |
| Otras características físicas | il. ; |
| Dimensiones | 30 cm. |
| 490 1# - MENCIÓN DE SERIE | |
| Mención de serie | Analecta Cartusiana ; |
| Designación de volumen o secuencia | 294 |
| 600 04 - PUNTO DE ACCESO ADICIONAL DE MATERIA--NOMBRE DE PERSONA | |
| Nombre de persona | Bruno |
| Títulos y otros términos asociados al nombre | Santo. |
| 9 (RLIN) | 32201 |
| 700 1# - ENTRADA AGREGADA--NOMBRE PERSONAL | |
| Nombre de persona | Thalmann G., S. |
| 9 (RLIN) | 154509 |
| 830 0# - PUNTO DE ACCESO ADICIONAL DE SERIE-TÍTULO UNIFORME | |
| Título uniforme | Analecta Cartusiana ; |
| Designación de volumen o secuencia | 294 |
| 9 (RLIN) | 231903 |
| 852 ## - LOCALIZACIÓN | |
| Ubicación | ES-MaACL |
| Número de control de estantería | A-13043 |
| itemnumber | 92930 |
| Sublocalización o colección | R.149968 |
| Ubicación en estantería | Depósito 1 |
| Signatura antigua | Olim: N-6043 |
| 942 ## - ELEMENTOS DE ENTRADA SECUNDARIOS (KOHA) | |
| Fuente del sistema de clasificación o colocación | Clasificación decimal universal |
| Tipo de ítem Koha | Libro impreso |
| Estatus retirado | Estado de pérdida | Fuente del sistema de clasificación o colocación | Estado de daño | No para préstamo | Biblioteca de origen | Biblioteca actual | Ubicación en estantería | Fecha de adquisición | Fuente de adquisición | Total de préstamos | Signatura topográfica completa | Código de barras | Visto por última vez | Precio de reemplazo | Tipo de ítem Koha |
|---|---|---|---|---|---|---|---|---|---|---|---|---|---|---|---|
| Clasificación decimal universal | Biblioteca del Ateneo de Madrid | Biblioteca del Ateneo de Madrid | Depósito 1 | 17/01/2008 | Donación | A-13043 | 1093620 | 23/02/2023 | 23/02/2023 | Libro impreso |
